From vines to wines in classical Rome : a handbook of viticulture and oenology in Rome and the Roman West /
David L. Thurmond's From Vines to Wines in Classical Rome is the first general handbook on winemaking in Rome in over 100 years. In this work, Thurmond surveys the biology of the vine, the protohistory, history, viticulture, winemaking, distribution and modes of consumption of wine in classical...
المؤلف الرئيسي:
التنسيق: كتاب الكتروني
اللغة: English
منشور في:
Boston :
Brill,
[2017]
سلاسل:
Classical Studies E-Books Online, Collection 2016, ISBN: 9789004303867.
الموضوعات:
الوصول للمادة أونلاين: Login to view Source
الوسوم: إضافة وسم
رقم الطلب: TP559.I8
| LEADER | 02548nam a2200481 i 4500 | ||
|---|---|---|---|
| 001 | BRILL9789004334595 | ||
| 003 | nllekb | ||
| 005 | 20230529212546.0 | ||
| 006 | m d | ||
| 007 | cr un uuuua | ||
| 008 | 160916s2017 mau sb 001 0 eng d | ||
| 010 | |a 2016042781 | ||
| 020 | |a 9789004334595 |q (electronic book) | ||
| 020 | |z 9789004334588 |q (print) | ||
| 024 | 7 | |a 10.1163/9789004334595 |2 DOI | |
| 035 | |a 2016042781 |6 ORIG | ||
| 040 | |a NL-LeKB |c NL-LeKB |e rda | ||
| 043 | |a e-it--- | ||
| 050 | 4 | |a TP559.I8 | |
| 072 | 7 | |a HBLA1 |2 bicssc | |
| 072 | 7 | |a HIS039000 |2 bisacsh | |
| 082 | 0 | 4 | |a 663/.200945 |2 23 |
| 100 | 1 | |a Thurmond, David L. | |
| 245 | 1 | 0 | |a From vines to wines in classical Rome : |b a handbook of viticulture and oenology in Rome and the Roman West / |c by David L. Thurmond. |
| 264 | 1 | |a Boston : |b Brill, |c [2017] | |
| 300 | |a 1 online resource. | ||
| 336 | |a text |b txt |2 rdacontent | ||
| 337 | |a computer |b c |2 rdamedia | ||
| 338 | |a online resource |2 rdacarrier | ||
| 504 | |a Includes bibliographical references and index. | ||
| 505 | 0 | 0 | |a Preliminary Material -- 1 Prehistory and Protohistory -- 2 Viniculture in Italy -- 3 Viticulture -- 4 Vinification -- 5 Distribution and Consumption -- Bibliography -- Index. |
| 506 | |a Available to subscribing member institutions only. | ||
| 520 | |a David L. Thurmond's From Vines to Wines in Classical Rome is the first general handbook on winemaking in Rome in over 100 years. In this work, Thurmond surveys the biology of the vine, the protohistory, history, viticulture, winemaking, distribution and modes of consumption of wine in classical Rome. He uses a close reading of the relevant Latin texts along with a careful survey of relevant archaeology and comparative practices from modern viticulture and oenology to elucidate this essential element of Roman culture. | ||
| 559 | 4 | |a TP559.I8 | |
| 588 | |a Description based on print version record and CIP data provided by publisher; resource not viewed. | ||
| 650 | 0 | |a Wine and wine making |z Italy. | |
| 650 | 0 | |a Viticulture |z Italy. | |
| 776 | 0 | 8 | |i Print version: |a Thurmond, David L., author. |t From vines to wines in classical Rome |d Boston : Brill, [2017] |z 9789004334588 |w (DLC) 2016041233 |
| 830 | 0 | |a Classical Studies E-Books Online, Collection 2016, ISBN: 9789004303867. | |
| 856 | 4 | |z DOI: |u http://dx.doi.org/10.1163/9789004334595 | |
| 942 | |2 lcc |c EBOOK | ||
| 952 | |0 0 |1 0 |2 lcc |4 0 |6 TP0559 I8 |7 1 |9 48854 |a BRILL |b BRILL |d 2023-05-29 |l 0 |o TP559.I8 |r 2023-05-29 00:00:00 |w 2023-05-29 |y EBOOK | ||
| 999 | |c 54198 |d 54198 | ||
